000 00768cam a2200241 a 4500
001 000019486
005 20200929170031.0
008 831201s1967 sp 001 f spa d
040 _aDO-SdBNP
_cCarP
_dDLC
_dBNPHU
082 _a863.6
_bP153m, 1967
100 1 _aPalacio Valdés, Armando,
_d1853-1938
_941846
245 1 4 _aLos majos de Cádiz /
_cArmando Palacio Valdés.
250 _a6a ed.
260 _aMadrid :
_bEspasa-Calpe,
_c1967.
300 _a205 p. ;
_c18 cm.
490 1 _aAustral. Azul: novelas y cuentos en general
_v155
650 4 _aNovela española
_91123
650 4 _aLiteratura española
_9632
830 0 _aAustral.
_pAzul: novelas y cuentos en general;
_v155
_922386
910 _aCatalogación derivada / LC
910 _aWM
049 _aBNGR
999 _c19002
_d19002